| 000 | 00329nam a22001337a 4500 | ||
|---|---|---|---|
| 999 |
_c17607 _d17607 |
||
| 008 | 190408b xxu||||| |||| 00| 0 eng d | ||
| 020 | _a8184110975 | ||
| 050 |
_aPN4784 _b.R35 2008 c.1 |
||
| 100 | _aRajsekhar | ||
| 245 | _aNews Coverage | ||
| 260 |
_aNew Delhi _bSonali Publications _c2008 |
||
| 300 | _a303p. | ||
| 942 |
_2lcc _cBK |
||